Ингредиенты резиновых смесей (Запись № 11034231)

Подробности
000 -МАРКЕР
контрольное поле 02781nam0a2200361 4500
001 - ИДЕНТИФИКАТОР ЗАПИСИ
контрольное поле RU\NLR\BIBL_A\012241618
005 - ИДЕНТИФИКАТОР ВЕРСИИ
контрольное поле 20241101210155.0
010 ## - МЕЖДУНАРОДНЫЙ СТАНДАРТНЫЙ НОМЕР КНИГИ (ISBN)
Номер (ISBN) 9785767729937
Тираж 100
021 ## - НОМЕР ГОСУДАРСТВЕННОЙ РЕГИСТРАЦИИ
Код страны российская федерация
Номер 2020-2399
Номер Листа государственной регистраци КН-П-162
035 ## - ДРУГИЕ СИСТЕМНЫЕ НОМЕРА
Идентификатор записи (RuMoRGB)010232380
035 ## - ДРУГИЕ СИСТЕМНЫЕ НОМЕРА
Идентификатор записи (NLR Aleph) 012241618
100 ## - ДАННЫЕ ОБЩЕЙ ОБРАБОТКИ
Данные общей обработки 20200310d2019 u y0rusy50 ca
101 0# - ЯЗЫК РЕСУРСА
Язык текста, звукозаписи и т.д. русский
102 ## - СТРАНА ПУБЛИКАЦИИ ИЛИ ПРОИЗВОДСТВА
Страна публикации российская федерация
105 ## - ПОЛЕ КОДИРОВАННЫХ ДАННЫХ: ТЕКСТОВЫЕ МАТЕРИАЛЫ, МОНОГРАФИЧЕСКИЕ
Кодированные данные о монографическом текстовом документе a zzjz0|000zy
181 #0 - ПОЛЕ КОДИРОВАННЫХ ДАННЫХ: ВИД СОДЕРЖАНИЯ
Код вида содержания (ISBD) i
Код характеристики содержания (ISBD) axxe
182 #0 - ПОЛЕ КОДИРОВАННЫХ ДАННЫХ: ТИП СРЕДСТВА
Код типа средства (ISBD) n - непосредственное
200 1# - ЗАГЛАВИЕ И СВЕДЕНИЯ ОБ ОТВЕТСТВЕННОСТИ
Основное заглавие Ингредиенты резиновых смесей
Сведения, относящиеся к заглавию учебное пособие
-- [для студентов бакалавриата направлений подготовки 04.03.01 - "Химия" (профили "Высокомолекулярные соединения" и "Промышленная химия высокомолекулярных соединений"0 И 18.03.01 - "Химическая технология" (профили "Технология и переработка полимеров" и "Технология и переработка полимеров и композитов")]
Первые сведения об ответственности Е. Н. Егоров, Н. Ф. Ушмарин, В. А. Данилов, Н. И. Кольцов
Последующие сведения об ответственности [ответственный редактор: д-р хим. наук, профессор Н. И. Кольцов]
-- Министерство науки и высшего образования Российской Федерации, Федеральное государственное бюджетное образовательное учреждение высшего образования "Чувашский государственный университет имени И. Н. Ульянова"
203 ## - ВИД СОДЕРЖАНИЯ И ТИП СРЕДСТВА
Вид содержания Текст
Дополнительные сведения об издании визуальный
Тип средства непосредственный
210 ## - ПУБЛИКАЦИЯ, РАСПРОСТРАНЕНИЕ И ДР.
Место издания, распространения и т.д. Чебоксары
Имя издателя, распространителя и т. д. Изд-во Чувашского университета
Дата издания, распространения и т.д. 2019
215 ## - ФИЗИЧЕСКАЯ ХАРАКТЕРИСТИКА
Специфическое обозначение материала и объем 119 с.
Другие сведения о физической характеристике ил., табл.
Размеры 20
320 ## - ПРИМЕЧАНИЯ О НАЛИЧИИ В ДОКУМЕНТЕ БИБЛИОГРАФИИ / УКАЗАТЕЛЯ
Текст примечания Библиогр.: с. 118 (13 назв.)
606 ## - НАИМЕНОВАНИЕ ТЕМЫ КАК ПРЕДМЕТ
Наименование темы Резиновые смеси
Формальный подзаголовок Учебные издания для высших учебных заведений
Тематический подзаголовок Ингредиенты
Системный номер авторитетной/нормативной записи 997344
Идентификатор авторитетной/нормативной записи RU\NLR\AUTH\6659883
686 1# - ИНДЕКСЫ ДРУГИХ КЛАССИФИКАЦИЙ
Индекс Л728-3я73-1
701 #1 - ИМЯ ЛИЦА - АЛЬТЕРНАТИВНАЯ ОТВЕТСТВЕННОСТЬ
Начальный элемент ввода Егоров
Часть имени, кроме начального элемента ввода Е. Н.
Дополнения к именам, кроме дат канд. хим. наук
Расширение инициалов личного имени Евгений Николаевич
Системный номер авторитетной/нормативной записи 217984
Идентификатор авторитетной/нормативной записи RU\NLR\AUTH\770218040
701 #1 - ИМЯ ЛИЦА - АЛЬТЕРНАТИВНАЯ ОТВЕТСТВЕННОСТЬ
Начальный элемент ввода Ушмарин
Часть имени, кроме начального элемента ввода Н. Ф.
Расширение инициалов личного имени Николай Филиппович
701 #1 - ИМЯ ЛИЦА - АЛЬТЕРНАТИВНАЯ ОТВЕТСТВЕННОСТЬ
Графика поля Кириллица
Материалы, к которым относится поле rus
Начальный элемент ввода Данилов
Часть имени, кроме начального элемента ввода В. А.
Дополнения к именам, кроме дат канд. хим. наук, физическая химия
Даты 1976-
Расширение инициалов личного имени Владимир Александрович
Системный номер авторитетной/нормативной записи 186135
Идентификатор авторитетной/нормативной записи RU\NLR\AUTH\770186186
701 #1 - ИМЯ ЛИЦА - АЛЬТЕРНАТИВНАЯ ОТВЕТСТВЕННОСТЬ
Начальный элемент ввода Кольцов
Часть имени, кроме начального элемента ввода Н. И.
Расширение инициалов личного имени Николай Иванович
942 ## - ДОПОЛНИТЕЛЬНЫЕ ЭЛЕМЕНТЫ ЗАПИСИ (АБИС)
Тип экземпляра АБИС Книга
980 ## - КОЛЛЕКЦИЯ
Название коллекции НБР

Нет доступных экземпляров.